Empires by Country - Statistics

General Stats
  • This quiz has been taken 210 times
  • The average score is 11 of 14
Answer Stats
Word Country % Correct
Soviet Union Russia
100%
Qing Dynasty China
99%
Ottoman Empire Turkey
99%
Holy Roman Empire Germany
89%
Mughal Empire India
87%
Achaemenid Empire Iran
87%
Incan Empire Peru
86%
Mayan Empire Mexico
85%
Assyrian Empire Iraq
84%
Umayyad Caliphate Saudi Arabia
84%
Gaul France
68%
Khmer Empire Cambodia
66%
Kush Sudan
40%
Aksumite Empire Ethiopia
37%
No matching quizzes found
Score Distribution
Percent of People with Each Score
Percentile by Number Answered
Your Score History
You have not taken this quiz